000 00888cab a2200241 4500
001 E2202
008 090401t1994 xxu||||| |||| 00| 0 eng d
035 _a(Sirsi) u38086
041 _aeng
245 _aTrustees of Sir G C D S Dunbar v Crofters Sharing in Winless Common Grazings
260 _c1994
350 _a0
490 _aSLC
_v1994 R 89-94(6)
520 _aDivisional Court. Application Caithness RN189. Order of 17 May1994. Common grazing - resumption - use of area for agricultural purposes - purpose ro regularise the position held to be a reasonable purpose - section 20 Crofters (Scotland) Act 1993.
650 _aCOMMON GRAZINGS
650 _aCROFTERS (SCOTLAND) ACT 1993
650 _aRESUMPTION
650 _aSCOTLAND
650 _aSCOTTISH LAND COURT
690 _aLANDLORD AND TENANT-CASE LAW-AGRICULTURAL TENANCIES
942 _n0
948 _c04/03/1997
999 _c24474
_d24474